| 000 | 00596nam a2200241Ia 4500 | ||
|---|---|---|---|
| 008 | 170203s9999 xx 000 0 und d | ||
| 050 | _aFic | ||
| 050 | _b.C623e 1951 | ||
| 100 | _aCleary, Beverly | ||
| 245 | _aEllen Tebbits / | ||
| 245 | _cby Beverly Cleary ; illustrated by Louis Darling. | ||
| 260 | _aNew York : | ||
| 260 | _bScholastic, Inc. | ||
| 260 | _c1951 | ||
| 300 | _a116 pages; | ||
| 300 | _c21 cm. | ||
| 650 | _aBallet -- | ||
| 650 | _aFriendship -- | ||
| 650 | _aFriendship -- | ||
| 650 | _x Fiction. | ||
| 650 | _xFiction. | ||
| 650 | _xJuvenile literature. | ||
| 999 |
_c306112 _d306112 |
||